000 00545nam a2200217Ia 4500
005 20241216010454.0
008 180423s9999||||xx |||||||||||||| ||und||
082 _a540
_bR34
100 _aREDMORE, FRED H.
245 0 _aFUNDAMENTOS DE QUIMICA
250 _a0
260 _aCOLOMBIA
_bPRENTICE/HALL INTERNAC.
_c1981
300 _a713 pag
_c24 cm
341 _h0
490 _v0
_a0
505 _aTERMOQUIMICA-GASES/CINETICA-ELECTROQUIMICA
541 _aC
_d04-May-94
650 _aCIENCIAS PURAS
856 _zCC. Puras
942 _cLIBRO
999 _c15384
_d15384